[Event "Geraardsbergen op"]
[Site "Geraardsbergen"]
[Date "2003.08.16"]
[Round "6"]
[White "Van Gils, Martin"]
[Black "Van Parijs, Frederik"]
[Result "1-0"]
[WhiteElo "2055"]
[BlackElo "1848"]
[PlyCount "66"]
[EventDate "2003.08.??"]
[EventType "swiss"]
[EventRounds "7"]
[EventCountry "BEL"]
[SourceTitle "EXT 2005"]
[Source "ChessBase"]
[SourceDate "2004.11.15"]
[SourceVersion "1"]
[SourceVersionDate "2004.11.15"]
[SourceQuality "1"]

1. e4 e6 2. c4 c5 3. Nc3 Nc6 4. g3 d6 5. Bg2 g6 6. Nge2 Bg7 7. 0-0 Nge7 8. d3 0-0 9. Be3 a6 10. d4 cxd4 11. Nxd4 Ne5 12. b3 Nd7 13. Qd2 Re8 14. Rad1 Nb6 15. Nde2 Bd7 16. Qxd6 Nec8 17. Bxb6 Nxb6 18. c5 Bxc3 19. Nxc3 Bc6 20. cxb6 Qxb6 21. Qe5 Rad8 22. Rxd8 Rxd8 23. Rd1 Rxd1+ 24. Nxd1 Qb4 25. Qc3 Qd6 26. Ne3 Qd8 27. h4 h6 28. Bf3 f5 29. Qe5 Qd7 30. Kg2 Qf7 31. exf5 Bxf3+ 32. Kxf3 gxf5 33. Nc4 Qg6 1-0